| 000 | 00505 a2200169 4500 | ||
|---|---|---|---|
| 999 |
_c7739 _d7739 |
||
| 010 | _aENG-88176 | ||
| 020 |
_c1195.00 _a9788189937140 |
||
| 035 | _aEN-71709 | ||
| 037 | _bDBAD / PUB | ||
| 082 | 1 | 4 | _a630.68 |
| 100 | _aWarren, G.F. | ||
| 245 | 1 |
_aFarm management/ _cby G.F. Warren |
|
| 260 |
_aNew Delhi _bArise Publishers & Distributors _c2008 |
||
| 270 |
_a4648/1, 21, Ansari Road, Darya Ganj, _bNew Delhi _e110 002 |
||
| 300 |
_a474p. _c21cm (Hb) |
||
| 942 |
_adpl _cEN _2ddc _h630.68 _mWAR |
||